| 000 | 00527nam a2200097Ia 4500 | ||
|---|---|---|---|
| 008 | 170517s9999 xx 000 0 und d | ||
| 245 | _aLet's Make Money | ||
| 300 | _aMost of us don't know where their money is. However, one thing is for certain, it's is not in the bank to which we entrusted it. The bank and our money is already a part of the cycle of the global money market. Let’s Make Money is an anti-capitalist Austrian... | ||
| 650 | _xBusiness and Economics. | ||
| 856 | _uhttp://topdocumentaryfilms.com/lets-make-money/ | ||
| 999 |
_c333270 _d333270 |
||